000 00765nas a2200265 4500
001 BR2015005554
003 BR-BrBNA
005 20231205125743.0
007 ta
008 230509b bl.|||p| |||| 00| 00por d
040 _aBR-BrBNA
_bpor
_cBiblioteca Nacional de Agricultura
041 _a(Pt)
072 _aN20
100 1 _aMachado, O.D. da C.
100 1 _aAlonço, A. dos S.
100 1 _aBellé, M.P.
100 1 _aFranck, C.J.
245 1 _aAcurácia das semeadoras-adubadoras à taxa variável
650 _aPLANTADEIRA
650 _aFERTILIZANTE
650 _aSEMENTE
773 0 _tCiência Rural (Brazil)
_xISSN 0103-8478
_g(Jul 2015), v. 45(7) p. 1205-1213
_wBR2015005554
909 _a202311
_bLúcia
_c55
_dLúcia Elande
942 _2AGRIS
_n0
_cANA
999 _c245947
_d245947